[Event "Canadian op"]
[Site "Laval"]
[Date "2024.07.16"]
[Round "5"]
[White "Atharv, Venkatesh"]
[Black "Maulucci, Anthony"]
[Result "0-1"]
[WhiteElo "1602"]
[BlackElo "1855"]
[PlyCount "86"]
[EventDate "2024.07.13"]
[EventType "swiss"]
[EventRounds "9"]
[EventCountry "CAN"]
[SourceTitle "EXT 2025"]
[Source "ChessBase"]
[SourceDate "2024.10.14"]
[SourceVersion "1"]
[SourceVersionDate "2024.10.14"]
[SourceQuality "1"]

1. e4 e6 2. d4 d5 3. Nc3 Nf6 4. Bg5 dxe4 5. Nxe4 Be7 6. Nxf6+ Bxf6 7. Bxf6 Qxf6 8. Nf3 0-0 9. Bd3 Nd7 10. 0-0 c5 11. c3 cxd4 12. Nxd4 e5 13. Nb5 Qc6 14. Na3 Nf6 15. Qe2 e4 16. Bc2 Bg4 17. Qe3 a6 18. Rfe1 Rfe8 19. Bd1 Bf5 20. Nc2 Rad8 21. Nd4 Qc8 22. Bb3 h6 23. h3 Qc5 24. Nxf5 Qxf5 25. Rad1 Rd3 26. Qb6 Qd7 27. Bc2 Rd2 28. Qe3 Rxd1 29. Rxd1 Qb5 30. Bb3 a5 31. Rd6 a4 32. Rb6 Qa5 33. Bc4 Nd5 34. Bxd5 Qxd5 35. Rb4 Qxa2 36. Rxb7 Qb1+ 37. Kh2 a3 38. Qf4 Rf8 39. Rb8 Rxb8 40. Qxb8+ Kh7 41. Qe5 e3 42. fxe3 a2 43. e4 Qf1 0-1